| 000 | 00768cam a22002653a 4500 | ||
|---|---|---|---|
| 001 | 347 | ||
| 003 | PGUSA | ||
| 005 | 20140828082947.0 | ||
| 008 | 080705s2008||||xxu|||||s|||||000 1 eng d | ||
| 040 |
_aPGUSA _beng |
||
| 042 | _adc | ||
| 050 | 4 | _aPT | |
| 100 | 1 | _aUnknown | |
| 245 | 1 | 4 |
_aThe Saga of Grettir the Strong : _bGrettir's Saga _h[electronic resource] / _cUnknown |
| 260 |
_bProject Gutenberg, _c2008 |
||
| 506 | _aPublic domain in the USA. | ||
| 516 | _aElectronic text | ||
| 653 | _aVikings -- Fiction | ||
| 653 | _aSagas -- Translations into English | ||
| 653 | _aGrettir Ásmundarson, 996-1031 -- Fiction | ||
| 740 | 0 | _aGrettis saga. English | |
| 830 | 0 |
_aProject Gutenberg _v347 |
|
| 856 | 4 | 0 | _uhttp://www.gutenberg.org/ebooks/347 |
| 942 | _cEB | ||
| 999 |
_c229698 _d229698 |
||